| 000 | 00660nam a2200241Ia 4500 | ||
|---|---|---|---|
| 003 | OSt | ||
| 005 | 20221005023657.0 | ||
| 006 | a|||||r|||| 00| 0 | ||
| 007 | ta | ||
| 008 | 221004b |||||||| |||| 00| 0 eng d | ||
| 024 | _a2840 | ||
| 037 |
_bGift, 16/03/2013, _cTextual |
||
| 040 |
_aCRL _cCRL _beng |
||
| 041 |
_2eng _aeng |
||
| 082 | _aO168,1N52x, P8 | ||
| 100 |
_aArafsar Aqtar _9579874 |
||
| 245 | 0 | _aNaghmat-e- firdoos | |
| 260 |
_aBhopal _bAlok Press India _c2008 |
||
| 300 |
_a128p. _ccm. |
||
| 650 | _aURDU POETRY | ||
| 942 |
_hO168,1N52x, P8 _cTEXL _2cc |
||
| 999 |
_c931583 _d931583 |
||